[Event "15th Deltalift Open 2018"]
[Site "Halmstad"]
[Date "2018.05.10"]
[Round "2"]
[White "Johansson, Mikael"]
[Black "Wahlstrom, Lennart"]
[Result "1/2-1/2"]
[WhiteElo "2284"]
[BlackElo "2200"]
[Annotator "NA"]
[PlyCount "47"]
[EventDate "2018.??.??"]
[EventType "swiss"]
[EventCountry "SWE"]
[SourceTitle "playchess.com"]
[Source "ChessBase"]
[SourceQuality "1"]
[TimeControl "1800+12"]

1. d4 {[%emt 0:00:14]} d5 {[%emt 0:00:21]} 2. c4 {[%emt 0:00:19]} e6 {[%emt 0:00:09]} 3. Nf3 {[%emt 0:00:29]} c5 {[%emt 0:00:11]} 4. cxd5 {[%emt 0:00:24]} exd5 {[%emt 0:00:05]} 5. g3 {[%emt 0:01:05]} Nc6 {[%emt 0:00:10]} 6. Bg2 {[%emt 0:00:49]} Nf6 {[%emt 0:00:09]} 7. O-O {[%emt 0:00:31]} Be7 {[%emt 0:00:14]} 8. Nc3 {[%emt 0:03:03]} O-O {[%emt 0:01:08]} 9. h3 {[%emt 0:01:16]} Re8 {[%emt 0:01:13]} 10. Be3 {[%emt 0:00:16]} cxd4 {[%emt 0:02:30]} 11. Nxd4 {[%emt 0:00:47]} Be6 {[%emt 0:00:19]} 12. Qc2 {[%emt 0:02:29]} Qd7 {[%emt 0:05:56]} 13. Kh2 {[%emt 0:00:38]} Rac8 {[%emt 0:01:23]} 14. Rac1 {[%emt 0:05:05]} Nxd4 15. Bxd4 {[%emt 0:00:22]} Ne4 {[%emt 0:12:55]} 16. e3 {[%emt 0:03:06]} b5 {[%emt 0:02:00]} 17. Qe2 {[%emt 0:00:50]} Nxc3 {[%emt 0:00:24]} 18. Bxc3 {[%emt 0:00:31]} b4 {[%emt 0:01:37]} 19. Bd4 {[%emt 0:00:17]} a5 {[%emt 0:00:56]} 20. b3 {[%emt 0:03:21]} h6 {[%emt 0:00:11]} 21. Rfd1 {[%emt 0:00:10]} Rxc1 {[%emt 0:00:10]} 22. Rxc1 {[%emt 0:00:15]} Rc8 {[%emt 0:00:07]} 23. Qb2 {[%emt 0:00:28]} Bf8 {[%emt 0:00:18]} 24. Rc2 {[%emt 0:00:28]} 1/2-1/2

[Event "15th Deltalift Open 2018"]
[Site "Halmstad"]
[Date "2018.05.10"]
[Round "2"]
[White "Kucuksari, Kaan"]
[Black "Bohman Karlholm, Adrian"]
[Result "1-0"]
[WhiteElo "2264"]
[BlackElo "2019"]
[Annotator "NA"]
[PlyCount "39"]
[EventDate "2018.??.??"]
[EventType "swiss"]
[EventCountry "SWE"]
[SourceTitle "playchess.com"]
[Source "ChessBase"]
[SourceQuality "1"]
[TimeControl "1800+12"]

1. d4 {[%emt 0:00:08]} d5 {[%emt 0:00:28]} 2. Nf3 {[%emt 0:00:08]} Nf6 {[%emt 0:01:44]} 3. c4 {[%emt 0:00:05]} e6 {[%emt 0:01:51]} 4. g3 {[%emt 0:00:23]} Be7 {[%emt 0:04:14]} 5. Bg2 {[%emt 0:00:00]} O-O {[%emt 0:00:15]} 6. O-O {[%emt 0:00:03]} c5 {[%emt 0:01:38]} 7. cxd5 {[%emt 0:00:08]} exd5 {[%emt 0:00:07]} 8. Nc3 {[%emt 0:00:02]} Nc6 {[%emt 0:00:12]} 9. Bg5 {[%emt 0:00:26]} cxd4 {[%emt 0:00:35]} 10. Nxd4 {[%emt 0:00:02]} h6 {[%emt 0:00:44]} 11. Be3 {[%emt 0:00:07]} Re8 {[%emt 0:00:56]} 12. Rc1 {[%emt 0:00:11]} Be6 {[%emt 0:00:24]} 13. Qa4 {[%emt 0:08:38]} Nxd4 {[%emt 0:00:07]} 14. Bxd4 {[%emt 0:00:07]} a6 {[%emt 0:00:24]} 15. Rfd1 {[%emt 0:01:16]} Rc8 {[%emt 0:07:34]} 16. Bxf6 {[%emt 0:02:56]} Bxf6 {[%emt 0:00:21]} 17. Bxd5 {[%emt 0:00:45]} Bxd5 {[%emt 0:02:17]} 18. Nxd5 {[%emt 0:00:36]} Bxb2 {[%emt 0:04:28]} 19. Qxe8+ {[%emt 0:00:28]} Qxe8 {[%emt 0:00:00]} 20. Rxc8 1-0

[Event "15th Deltalift Open 2018"]
[Site "Halmstad"]
[Date "2018.05.10"]
[Round "2"]
[White "Tuomainen, Felix"]
[Black "Troberg Eskola, Love"]
[Result "0-1"]
[WhiteElo "2211"]
[BlackElo "1993"]
[Annotator "NA"]
[PlyCount "88"]
[EventDate "2018.??.??"]
[EventType "swiss"]
[EventCountry "SWE"]
[SourceTitle "playchess.com"]
[Source "ChessBase"]
[SourceQuality "1"]
[TimeControl "1800+12"]

1. d4 {[%emt 0:00:18]} d5 {[%emt 0:00:10]} 2. c4 {[%emt 0:00:20]} dxc4 {[%emt 0:00:05]} 3. e3 {[%emt 0:00:34]} b5 {[%emt 0:00:09]} 4. a4 {[%emt 0:00:55]} b4 {[%emt 0:00:05]} 5. Bxc4 {[%emt 0:00:25]} e6 {[%emt 0:00:05]} 6. Nf3 {[%emt 0:00:25]} Nf6 {[%emt 0:00:00]} 7. O-O {[%emt 0:00:15]} Be7 {[%emt 0:00:00]} 8. Qe2 {[%emt 0:00:19]} O-O {[%emt 0:00:28]} 9. e4 {[%emt 0:01:04]} c5 {[%emt 0:00:18]} 10. Rd1 {[%emt 0:01:11]} Qc7 {[%emt 0:02:21]} 11. Bg5 {[%emt 0:00:26]} h6 {[%emt 0:00:08]} 12. Bh4 {[%emt 0:00:03]} cxd4 {[%emt 0:01:19]} 13. Nxd4 {[%emt 0:00:11]} Nbd7 {[%emt 0:01:31]} 14. Nb5 {[%emt 0:00:19]} Qc5 {[%emt 0:00:52]} 15. Nd2 {[%emt 0:00:17]} Ne5 {[%emt 0:00:18]} 16. Bb3 {[%emt 0:00:39]} a6 {[%emt 0:00:50]} 17. Rac1 {[%emt 0:00:06]} Qb6 {[%emt 0:00:13]} 18. Bg3 {[%emt 0:02:14]} axb5 {[%emt 0:02:23]} 19. Bxe5 {[%emt 0:00:07]} bxa4 {[%emt 0:00:21]} 20. Ba2 {[%emt 0:01:32]} b3 {[%emt 0:00:14]} 21. Bb1 {[%emt 0:00:01]} Ba6 {[%emt 0:00:08]} 22. Bd3 {[%emt 0:01:00]} Bxd3 {[%emt 0:00:38]} 23. Qxd3 {[%emt 0:00:01]} Rfd8 {[%emt 0:00:12]} 24. Qg3 {[%emt 0:00:13]} Rdc8 {[%emt 0:00:47]} 25. Nc4 {[%emt 0:00:07]} Qc6 {[%emt 0:00:38]} 26. Bxf6 {[%emt 0:00:49]} Bxf6 {[%emt 0:00:17]} 27. e5 {[%emt 0:00:02]} Bg5 {[%emt 0:01:26]} 28. f4 {[%emt 0:00:17]} Be7 {[%emt 0:00:11]} 29. h3 {[%emt 0:00:46]} Qe4 {[%emt 0:01:17]} 30. Nd6 {[%emt 0:02:53]} Rxc1 {[%emt 0:01:14]} 31. Nxe4 {[%emt 0:00:06]} Rxd1+ {[%emt 0:00:01]} 32. Kh2 {[%emt 0:00:08]} a3 {[%emt 0:00:52]} 33. bxa3 {[%emt 0:00:30]} b2 {[%emt 0:00:05]} 34. Nc3 {[%emt 0:00:04]} Rxa3 {[%emt 0:01:33]} 35. Qf2 {[%emt 0:00:25]} Rxc3 {[%emt 0:01:04]} 36. Qxb2 {[%emt 0:00:03]} Rcc1 {[%emt 0:01:26]} 37. Qb8+ {[%emt 0:00:13]} Kh7 {[%emt 0:03:36]} 38. Kg3 {[%emt 0:00:42]} Rd3+ {[%emt 0:00:47]} 39. Kf2 {[%emt 0:00:58]} Rc2+ {[%emt 0:00:16]} 40. Kg1 {[%emt 0:00:22]} Rdd2 {[%emt 0:00:31]} 41. Qe8 {[%emt 0:01:16]} Rxg2+ {[%emt 0:00:03]} 42. Kf1 {[%emt 0:00:05]} Rcf2+ {[%emt 0:00:03]} 43. Ke1 {[%emt 0:00:01]} Bb4+ {[%emt 0:00:01]} 44. Kd1 {[%emt 0:00:02]} Rg1# {[%emt 0:00:01]} 0-1

[Event "15th Deltalift Open 2018"]
[Site "Halmstad"]
[Date "2018.05.10"]
[Round "2"]
[White "Nilsson, Patrik"]
[Black "Magelius, Olof"]
[Result "1/2-1/2"]
[WhiteElo "2195"]
[BlackElo "1984"]
[Annotator "NA"]
[PlyCount "59"]
[EventDate "2018.??.??"]
[EventType "swiss"]
[EventCountry "SWE"]
[SourceTitle "playchess.com"]
[Source "ChessBase"]
[SourceQuality "1"]
[TimeControl "1800+12"]

1. e4 {[%emt 0:00:05]} d5 {[%emt 0:00:06]} 2. exd5 {[%emt 0:00:20]} Qxd5 {[%emt 0:00:14]} 3. Nf3 {[%emt 0:00:10]} Nf6 {[%emt 0:00:22]} 4. d4 {[%emt 0:01:05]} Bf5 {[%emt 0:02:44]} 5. Be2 {[%emt 0:04:11]} e6 {[%emt 0:00:09]} 6. O-O {[%emt 0:00:07]} Be7 {[%emt 0:00:08]} 7. c4 {[%emt 0:00:10]} Qd8 {[%emt 0:00:26]} 8. Qb3 {[%emt 0:02:21]} b6 {[%emt 0:00:41]} 9. Nc3 {[%emt 0:00:21]} O-O {[%emt 0:00:32]} 10. Be3 {[%emt 0:00:28]} Nbd7 {[%emt 0:01:51]} 11. Rfd1 {[%emt 0:03:45]} Qc8 {[%emt 0:00:40]} 12. a3 {[%emt 0:01:40]} c5 {[%emt 0:00:52]} 13. d5 {[%emt 0:01:07]} exd5 {[%emt 0:00:05]} 14. cxd5 {[%emt 0:00:11]} Ne4 {[%emt 0:00:09]} 15. Nxe4 {[%emt 0:02:15]} Bxe4 {[%emt 0:00:02]} 16. Rac1 {[%emt 0:01:34]} Bf6 {[%emt 0:00:49]} 17. Ng5 {[%emt 0:02:28]} Bg6 {[%emt 0:00:23]} 18. Bd3 {[%emt 0:00:04]} Ne5 {[%emt 0:02:31]} 19. Bxg6 {[%emt 0:00:12]} hxg6 {[%emt 0:00:16]} 20. Ne4 {[%emt 0:01:35]} Qg4 {[%emt 0:01:04]} 21. Nxf6+ {[%emt 0:00:45]} gxf6 {[%emt 0:00:01]} 22. h3 {[%emt 0:00:45]} Qh4 {[%emt 0:01:36]} 23. f4 {[%emt 0:04:27]} c4 {[%emt 0:01:14]} 24. Qa2 {[%emt 0:02:15]} Nf3+ {[%emt 0:03:03]} 25. Kf1 {[%emt 0:07:44]} Nh2+ {[%emt 0:00:17]} 26. Kg1 {[%emt 0:00:32]} Nf3+ {[%emt 0:00:02]} 27. Kf1 {[%emt 0:00:56]} Qg3 {[%emt 0:01:31]} 28. Bf2 {[%emt 0:00:40]} Nh2+ {[%emt 0:00:05]} 29. Kg1 {[%emt 0:00:02]} Nf3+ {[%emt 0:00:01]} 30. Kf1 {[%emt 0:00:01]} 1/2-1/2

[Event "15th Deltalift Open 2018"]
[Site "Halmstad"]
[Date "2018.05.10"]
[Round "2"]
[White "Ivarsson, Torbjorn"]
[Black "Nilsson, Eskil"]
[Result "1/2-1/2"]
[WhiteElo "2153"]
[BlackElo "1962"]
[Annotator "NA"]
[PlyCount "141"]
[EventDate "2018.??.??"]
[EventType "swiss"]
[EventCountry "SWE"]
[SourceTitle "playchess.com"]
[Source "ChessBase"]
[SourceQuality "1"]
[TimeControl "1800+12"]

1. d4 {[%emt 0:00:45]} Nf6 {[%emt 0:00:28]} 2. Bf4 {[%emt 0:00:31]} g6 {[%emt 0:00:34]} 3. Nc3 {[%emt 0:01:20]} d5 {[%emt 0:05:35]} 4. e3 {[%emt 0:00:09]} Bg7 {[%emt 0:00:21]} 5. h4 {[%emt 0:00:24]} h5 {[%emt 0:00:52]} 6. Nf3 {[%emt 0:00:11]} Bg4 {[%emt 0:00:16]} 7. Qd2 {[%emt 0:00:25]} Bxf3 {[%emt 0:02:47]} 8. gxf3 {[%emt 0:00:08]} c6 {[%emt 0:00:33]} 9. O-O-O {[%emt 0:00:36]} a5 {[%emt 0:01:35]} 10. e4 {[%emt 0:00:28]} e6 {[%emt 0:02:53]} 11. Bg5 {[%emt 0:03:16]} Qc7 {[%emt 0:01:13]} 12. a4 {[%emt 0:01:02]} Nbd7 {[%emt 0:03:31]} 13. Kb1 {[%emt 0:03:15]} Ng8 {[%emt 0:04:05]} 14. Be2 {[%emt 0:01:29]} Bf6 {[%emt 0:00:30]} 15. Rhe1 {[%emt 0:02:36]} O-O-O {[%emt 0:01:19]} 16. Bf4 {[%emt 0:04:47]} Qb6 {[%emt 0:00:32]} 17. Bg3 {[%emt 0:00:09]} Ne7 {[%emt 0:02:31]} 18. Bf1 {[%emt 0:00:18]} dxe4 {[%emt 0:06:44]} 19. fxe4 {[%emt 0:01:13]} Bg7 {[%emt 0:01:07]} 20. Qf4 {[%emt 0:02:29]} Rhf8 {[%emt 0:00:28]} 21. Rd3 {[%emt 0:01:28]} e5 {[%emt 0:01:17]} 22. dxe5 {[%emt 0:01:49]} Bxe5 {[%emt 0:00:09]} 23. Qf3 {[%emt 0:00:56]} f6 {[%emt 0:00:46]} 24. Bh3 {[%emt 0:00:47]} Bxg3 {[%emt 0:00:42]} 25. Qxg3 {[%emt 0:00:48]} Qc7 {[%emt 0:00:30]} 26. Qe3 {[%emt 0:01:35]} Kb8 {[%emt 0:00:07]} 27. Bxd7 {[%emt 0:00:51]} Rxd7 {[%emt 0:00:02]} 28. Rxd7 {[%emt 0:00:09]} Qxd7 {[%emt 0:00:02]} 29. Rd1 {[%emt 0:01:59]} Qc7 {[%emt 0:00:01]} 30. Qd4 {[%emt 0:00:14]} g5 {[%emt 0:00:37]} 31. hxg5 {[%emt 0:00:13]} fxg5 {[%emt 0:00:01]} 32. Qg7 {[%emt 0:00:17]} Rg8 {[%emt 0:00:05]} 33. Qf7 {[%emt 0:00:01]} h4 {[%emt 0:00:35]} 34. Ne2 {[%emt 0:00:22]} Rd8 {[%emt 0:00:22]} 35. Rg1 {[%emt 0:00:26]} Rd2 {[%emt 0:00:36]} 36. Nc3 {[%emt 0:00:17]} Qe5 {[%emt 0:00:12]} 37. Kc1 {[%emt 0:00:06]} Rd8 {[%emt 0:00:28]} 38. Qc4 {[%emt 0:00:18]} h3 {[%emt 0:00:12]} 39. Qe2 {[%emt 0:00:02]} Qf4+ {[%emt 0:00:19]} 40. Kb1 {[%emt 0:00:06]} h2 {[%emt 0:00:04]} 41. Rh1 {[%emt 0:00:07]} g4 {[%emt 0:00:17]} 42. e5 {[%emt 0:00:19]} Rd2 {[%emt 0:00:33]} 43. Qe4 {[%emt 0:00:02]} Qxe4 {[%emt 0:00:37]} 44. Nxe4 {[%emt 0:00:01]} Re2 {[%emt 0:00:09]} 45. Nf6 {[%emt 0:00:06]} g3 {[%emt 0:00:44]} 46. fxg3 {[%emt 0:00:02]} Rg2 {[%emt 0:00:01]} 47. Ka2 {[%emt 0:00:05]} Kc7 {[%emt 0:01:15]} 48. Ng4 {[%emt 0:00:02]} Nf5 {[%emt 0:00:25]} 49. Rxh2 {[%emt 0:00:14]} Rxh2 {[%emt 0:00:11]} 50. Nxh2 {[%emt 0:00:03]} Nxg3 {[%emt 0:00:02]} 51. Kb3 {[%emt 0:00:17]} Ne4 {[%emt 0:00:18]} 52. Kc4 {[%emt 0:00:08]} b6 {[%emt 0:00:16]} 53. Nf3 {[%emt 0:00:08]} Kd7 {[%emt 0:00:05]} 54. Nd4 {[%emt 0:00:10]} Nc5 {[%emt 0:00:32]} 55. b3 {[%emt 0:00:11]} Ne4 {[%emt 0:00:26]} 56. b4 {[%emt 0:00:41]} axb4 {[%emt 0:00:24]} 57. e6+ {[%emt 0:00:09]} Kd6 {[%emt 0:00:26]} 58. e7 {[%emt 0:00:23]} Kxe7 {[%emt 0:00:06]} 59. Nxc6+ {[%emt 0:00:02]} Kd6 {[%emt 0:00:07]} 60. Nxb4 {[%emt 0:00:05]} Nc5 {[%emt 0:00:10]} 61. Kb5 {[%emt 0:00:06]} Kc7 {[%emt 0:00:24]} 62. Nd5+ {[%emt 0:00:04]} Kb7 {[%emt 0:00:51]} 63. Nxb6 {[%emt 0:00:05]} Ne6 {[%emt 0:00:12]} 64. c3 {[%emt 0:00:42]} Nc7+ {[%emt 0:00:03]} 65. Ka5 {[%emt 0:00:13]} Ne6 {[%emt 0:00:02]} 66. Nd7 {[%emt 0:00:37]} Kc6 {[%emt 0:00:08]} 67. Nf6 {[%emt 0:00:14]} Nc5 {[%emt 0:00:10]} 68. Kb4 {[%emt 0:00:09]} Na6+ {[%emt 0:00:05]} 69. Kc4 {[%emt 0:00:03]} Nc5 {[%emt 0:00:09]} 70. a5 {[%emt 0:00:19]} Na4 {[%emt 0:00:41]} 71. Ne4 {[%emt 0:00:20]} 1/2-1/2

[Event "15th Deltalift Open 2018"]
[Site "Halmstad"]
[Date "2018.05.10"]
[Round "2"]
[White "Berglind, Axel"]
[Black "Hillarp Persson, Tiger"]
[Result "0-1"]
[WhiteElo "2104"]
[BlackElo "2531"]
[Annotator "TA"]
[PlyCount "70"]
[EventDate "2018.??.??"]
[EventType "swiss"]
[EventCountry "SWE"]
[SourceTitle "playchess.com"]
[Source "ChessBase"]
[SourceQuality "1"]

{[%evp 16,70,-8,-4,8,-32,0,0,0,0,0,7,0,14,16,0,0,0,0,0,0,-55,-27,-34,-25,-28,-22,-16,-14,-83,-93,-105,-116,-116,-114,-123,-108,-132,-131,-149,-97,-100,-97,-96,-89,-85,-76,-165,0,0,0,-111,0,0,0,-943,-907]} 1. d4 Nf6 2. Nf3 e6 3. g3 b5 4. Bg2 Bb7 5. O-O c5 6. a4 b4 7. c4 cxd4 {A46: 1 d4 Nf6 2 Nf3 e6: Torre, London and Colle Systems} 8. Nxd4 Bxg2 9. Kxg2 {LiveBook: 16 Games} Na6 {The position is equal.} 10. b3 $146 ({Predecessor:} 10. Nb5 Qb6 11. Bf4 d5 12. cxd5 Nxd5 13. Bg5 h6 14. e4 hxg5 15. exd5 {0-1 (33) Horvath,J (2279)-Horvath,A (2503) Hungary 2003}) 10... d5 11. Nd2 Nc5 12. Bb2 Rc8 13. Rc1 Be7 14. cxd5 Nxd5 15. e4 Nc3 16. Bxc3 bxc3 17. Nc4 Nxe4 18. f3 {[#]} ({White should play} 18. Nb5 $11) 18... Nd2 $1 {[%mdl 512]} 19. Nxd2 {And now Nc4 would win.} Qxd4 20. Nc4 Rxc4 21. bxc4 Qxc4 22. Rb1 (22. Rc2 $1 $11 {keeps the balance.}) 22... O-O $36 {[%mdl 2048] aiming for ...c2. Black is really pushing.} 23. Rf2 Bc5 24. Rc2 {[#]} Bd4 $1 25. a5 h5 26. Qf1 Qa4 27. Qd3 Bf6 (27... Rc8 $142 28. a6 g6) 28. a6 Rd8 29. Qe2 h4 30. Rb7 Bd4 31. Qd3 (31. gxh4 $17 {is a better defense.} Be3 32. Rxc3) 31... Bb6 $2 (31... Qa1 $19 32. g4 g5) 32. Qxc3 $11 Qxa6 33. Re7 {[#]} (33. Qc6 $1 $11 {was the only way to keep the balance.}) 33... hxg3 (33... h3+ $1 $17 {[%mdl 512]} 34. Kxh3 Kf8) 34. hxg3 Qb5 {White must now prevent ...Rd1.} 35. Qc6 $2 {[%mdl 8192] [#]} (35. Rd2 $11) 35... Rd2+ $1 {[%mdl 512] Precision: White = 40%, Black = 57%.} 0-1

[Event "15th Deltalift Open 2018"]
[Site "Halmstad"]
[Date "2018.05.10"]
[Round "2"]
[White "Harren, Mats"]
[Black "Hector, Jonny"]
[Result "1/2-1/2"]
[WhiteElo "2098"]
[BlackElo "2497"]
[Annotator "TA"]
[PlyCount "109"]
[EventDate "2018.??.??"]
[EventType "swiss"]
[EventCountry "SWE"]
[SourceTitle "playchess.com"]
[Source "ChessBase"]
[SourceQuality "1"]

{[%evp 17,109,0,7,-45,9,13,14,7,11,12,37,38,58,10,13,3,37,20,25,0,0,0,0,0,20,14,17,0,25,25,20,0,21,0,10,0,8,0,0,0,0,0,0,0,0,0,0,-18,0,-8,14,1,14,14,17,16,15,0,0,0,0,0,0,0,0,0,0,0,8,0,0,0,0,0,0,0,0,0,0,0,0,0,0,-8,-8,-8,-8,-8,-8,-8,-8,-8,-8,-8]} 1. e4 e5 2. Nf3 Nc6 3. d4 exd4 4. Bc4 Nf6 5. e5 Ng4 6. Qe2 Qe7 7. Bf4 f6 8. exf6 {C56: Two Knights: 4 d4 exd4 5 0-0 Nxe4} gxf6 9. Nbd2 d6 {LiveBook: 11 Games} 10. Bb5 $146 (10. O-O $11) ({Predecessor:} 10. Qxe7+ Bxe7 11. Bb5 a6 12. Bxc6+ bxc6 13. Nxd4 Bd7 14. f3 Ne5 15. Ne4 f5 {½-½ (59) Mastrovasilis,D (2602)-Warmerdam,M (2357) Achaea 2017}) 10... Nge5 ({Black should play} 10... Qxe2+ $15 11. Bxe2 Rg8) 11. Nxd4 $11 Bg4 12. f3 Bd7 13. Nxc6 bxc6 14. Ba4 Ng6 15. Qxe7+ (15. Be3 {with more complications.} f5 16. f4 Bg7 17. c3 O-O 18. O-O) 15... Bxe7 16. Bh6 Bf8 17. Bxf8 Rxf8 18. O-O-O O-O-O 19. Rde1 Rde8 20. Kd1 Nh4 21. g3 Nf5 22. Re4 c5 23. Bxd7+ Kxd7 24. Ra4 {The position is equal.} Re3 25. Re1 Rfe8 {[%csl Ge8][%cal Re3e1] [#]} 26. Re4 Re5 27. c3 (27. f4 {keeps more tension.} R5xe4 28. Nxe4 Ke6 29. c3 Rxe1+ 30. Kxe1 c4 31. Nd2) 27... d5 28. Rxe5 fxe5 29. Rxe3 Nxe3+ {[%mdl 4096] Endgame KN-KN} 30. Ke2 Nf5 $1 31. g4 Nh4 32. Nf1 Ke6 33. Ne3 d4 34. Nc4 Ng6 35. Nd2 Nf4+ 36. Kd1 h5 37. gxh5 Nxh5 38. Ne4 c4 39. b3 cxb3 40. axb3 dxc3 41. Kc2 Nf4 42. Kxc3 Ne2+ 43. Kd3 Nd4 44. Nd2 Kf5 45. Kc4 Kf4 46. h4 Nf5 47. h5 Ke3 48. Kd5 Kxd2 49. Kxe5 {KN-K3P} Nh6 $1 50. f4 {[#] Black must now prevent Kf6.} c5 51. Kd5 Kc3 52. Kxc5 Kxb3 53. Kb5 $1 Kc3 54. Ka6 Kd4 55. Kxa7 {Precision: White = 60%, Black = 61%.} 1/2-1/2

[Event "15th Deltalift Open 2018"]
[Site "Halmstad"]
[Date "2018.05.10"]
[Round "2"]
[White "Holst, Conny"]
[Black "Cramling, Pia"]
[Result "0-1"]
[WhiteElo "2087"]
[BlackElo "2448"]
[Annotator "TA"]
[PlyCount "52"]
[EventDate "2018.??.??"]
[EventType "swiss"]
[EventCountry "SWE"]
[SourceTitle "playchess.com"]
[Source "ChessBase"]
[SourceQuality "1"]

{[%evp 23,52,0,0,-25,-29,-39,-29,-29,-52,-78,-80,-103,-93,-138,-146,-220,-208,-214,-197,-445,-465,-622,-637,-633,-631,-756,-744,-741,-750,-706,-695]} 1. d4 Nf6 2. c4 e6 3. Nc3 Bb4 4. e3 O-O 5. Bd3 d5 6. Nge2 dxc4 7. Bxc4 c5 8. O-O Nc6 9. a3 Bxc3 10. bxc3 e5 11. Bb2 Qe7 12. Ba2 {E49: Nimzo-Indian: Rubinstein: 5 Bd3 d5 6 a3 Bxc3+ 7 bxc3} Rd8 {LiveBook: 3 Games} 13. d5 c4 $1 14. Bxc4 {Black has an edge.} Qc5 15. Ba2 {[#] And now c4 would win.} Nxd5 {[%cal Bf6d5,Bd5c7,Bc7e6][%mdl 32] [#]} 16. Qc1 $146 ({Predecessor:} 16. Qc2 Be6 17. Ng3 Rac8 18. c4 Nf6 19. Rac1 Na5 {½-½ (51) Byrne,R (2530)-Miles,A (2220) Baden bei Wien 1980}) 16... Be6 17. e4 Nc7 $36 {[%mdl 2048] Black is really pushing.} 18. Bxe6 Nxe6 19. Rd1 (19. Qc2 $17) 19... Qc4 $19 20. Ng3 Na5 {[%cal Bc6a5,Ba5c4,Bc4d2][%mdl 32]} 21. Qe3 $2 {[#]} (21. Rb1 {was necessary.}) 21... Qb3 {Black is clearly winning.} 22. Rd2 Nc4 23. Rxd8+ Rxd8 24. Qxa7 Qxb2 25. Rf1 Nd2 26. Re1 Qxc3 {Precision: White = 22%, Black = 97%.} 0-1

[Event "15th Deltalift Open 2018"]
[Site "Halmstad"]
[Date "2018.05.10"]
[Round "2"]
[White "Mejvik, Jacob"]
[Black "Sjodahl, Pontus"]
[Result "0-1"]
[WhiteElo "2063"]
[BlackElo "2404"]
[Annotator "ChessBase"]
[PlyCount "92"]
[EventDate "2018.??.??"]
[EventType "swiss"]
[EventCountry "SWE"]
[SourceTitle "playchess.com"]
[Source "ChessBase"]
[SourceQuality "1"]
[TimeControl "1800+12"]

1. Nf3 {[%emt 0:00:07]} d5 {[%emt 0:01:06]} 2. d4 {[%emt 0:00:07]} Nf6 {[%emt 0:00:15]} 3. c4 {[%emt 0:00:10]} e6 {[%emt 0:00:18]} 4. g3 {[%emt 0:00:06]} dxc4 {[%emt 0:03:17]} 5. Bg2 {[%emt 0:00:08]} Nc6 {[%emt 0:00:53]} 6. Qa4 {[%emt 0:00:56]} Bb4+ {[%emt 0:01:51]} 7. Bd2 {[%emt 0:03:17]} Nd5 {[%emt 0:00:03]} 8. Qb5 {[%emt 0:08:49]} Bxd2+ {[%emt 0:00:20]} 9. Nfxd2 {[%emt 0:00:09]} O-O {[%emt 0:02:11]} 10. Qxc4 {[%emt 0:02:51]} Nb6 {[%emt 0:00:43]} 11. Qc1 {[%emt 0:03:19]} Nxd4 {[%emt 0:00:20]} 12. Nc3 {[%emt 0:00:01]} Nd5 {[%emt 0:01:11]} 13. e3 {[%emt 0:00:54]} Nf5 {[%emt 0:02:38]} 14. O-O {[%emt 0:00:30]} c6 {[%emt 0:00:17]} 15. Na4 {[%emt 0:00:37]} Nd6 {[%emt 0:00:49]} 16. e4 {[%emt 0:01:01]} Nb6 {[%emt 0:00:08]} 17. Nc5 {[%emt 0:00:03]} e5 {[%emt 0:03:23]} 18. Rd1 {[%emt 0:00:34]} Qe7 {[%emt 0:00:07]} 19. a4 {[%emt 0:00:24]} a5 {[%emt 0:00:06]} 20. Qc3 {[%emt 0:00:21]} Re8 {[%emt 0:03:58]} 21. b3 {[%emt 0:00:20]} Bg4 {[%emt 0:01:24]} 22. f3 {[%emt 0:00:03]} Bh5 {[%emt 0:00:20]} 23. g4 {[%emt 0:00:08]} Bg6 {[%emt 0:00:03]} 24. Nf1 {[%emt 0:00:03]} Nbc8 {[%emt 0:00:36]} 25. Nd3 {[%emt 0:00:44]} f6 {[%emt 0:00:26]} 26. Ne3 {[%emt 0:02:26]} Bf7 {[%emt 0:00:08]} 27. Rac1 {[%emt 0:00:29]} Kh8 {[%emt 0:01:22]} 28. Kf2 {[%emt 0:00:41]} Bg8 {[%emt 0:00:18]} 29. Bf1 {[%emt 0:02:58]} Qf7 {[%emt 0:00:26]} 30. Rb1 {[%emt 0:00:10]} Qg6 {[%emt 0:00:18]} 31. Nf5 {[%emt 0:03:03]} Nxf5 {[%emt 0:00:41]} 32. exf5 {[%emt 0:00:02]} Qh6 {[%emt 0:00:48]} 33. Nc5 {[%emt 0:00:32]} Qxh2+ {[%emt 0:01:01]} 34. Bg2 {[%emt 0:00:01]} Qf4 {[%emt 0:00:28]} 35. Rd7 {[%emt 0:00:31]} Nb6 {[%emt 0:00:29]} 36. Nd3 {[%emt 0:00:32]} Qg5 {[%emt 0:00:24]} 37. Rxb7 {[%emt 0:00:47]} Nd5 {[%emt 0:00:05]} 38. Qc1 {[%emt 0:00:16]} Qh4+ {[%emt 0:00:18]} 39. Kg1 {[%emt 0:00:02]} Rad8 {[%emt 0:04:08]} 40. Rb2 {[%emt 0:01:15]} Nf4 {[%emt 0:00:57]} 41. Nc5 {[%emt 0:01:02]} Rd5 {[%emt 0:01:57]} 42. Rd2 {[%emt 0:00:16]} Rxc5 {[%emt 0:01:00]} 43. Qxc5 {[%emt 0:00:16]} Qe1+ {[%emt 0:00:05]} 44. Bf1 {[%emt 0:00:05]} Qxd2 {[%emt 0:00:13]} 45. Qxc6 {[%emt 0:00:27]} Qe3+ {[%emt 0:01:44]} 46. Kh2 {[%emt 0:00:08]} Qf2+ {[%emt 0:00:07]} 0-1